000 00997nam a22002777a 4500
001 ENG-90644
005 20080530131038.0
008 080730t xxu||||| |||| 00| 0 eng d
010 _aENG-90644
020 _a9788178298535 (paper back)
_c320.00
035 _aEN-74177
037 _bDBAD / PUB
040 _aDPL
082 _a153.35
100 _aD'Cruz, Premilla.
245 _aThinking creatively at work :
_ba sourcebook /
_cby Premilla D'Cruz.
260 _aNew Delhi :
_bResponse Books,
_c2008.
300 _a220p.
_c21 cm.(pbk)
500 _aIncludes bibliographical references.
650 _aCreative ability in business.
650 _aCreative thinking.
650 _aCreative ability.
942 _2ddc
_cEN
_h153.35
_mDCR
999 _c14690
_d14690